Le sei capitali più vicine: Ankara - Statistics

Statistiche generali
  • Questo quiz è stato fatto 24 volte
  • Il punteggio medio è 3 su 6
Statistiche sulle risposte
km capitale % Corretto
817 Atene
100%
854 Sofia
74%
527 Nicosia
68%
774 Damasco
42%
751 Bucarest
37%
708 Beirut
26%
Nessun quiz corrispondente trovato
Distribuzione punteggi
Percentuale di utenti per punteggio
Percentile per numero di risposta
I tuoi punteggi nel tempo
Non hai fatto questo quiz